[Event "Scarborough CC Jack Frost"]
[Site "Toronto CAN"]
[Date "2012.01.05"]
[Round "1"]
[White "Morra, Lui"]
[Black "Southam, David"]
[Result "0-1"]
[WhiteElo "1709"]
[BlackElo "2205"]
[PlyCount "72"]
[GameId "2160767909573008"]
[EventDate "2012.01.05"]
[EventType "swiss"]
[EventRounds "6"]
[EventCountry "CAN"]
[SourceTitle "EXT 2022"]
[Source "ChessBase"]
[SourceDate "2021.10.06"]
[SourceVersion "1"]
[SourceVersionDate "2021.10.06"]
[SourceQuality "1"]

1. b3 c5 2. c4 Nc6 3. Bb2 d6 4. g3 e5 5. Bg2 g6 6. Nf3 Bg7 7. O-O Nge7 8. d3 O-O 9. Nc3 a6 10. a3 Rb8 11. a4 h6 12. Qd2 Be6 13. e3 d5 14. cxd5 Nxd5 15. Ne4 b6 16. Rac1 Ndb4 17. Rfd1 Bxb3 18. Rf1 Qxd3 19. Qe1 Nc2 20. Rxc2 Qxc2 21. Qa1 Bd5 22. Nc3 Bxf3 23. Bxf3 Nb4 24. Be4 Qb3 25. h4 h5 26. Kg2 Rbd8 27. Rh1 Qe6 28. Qe1 f5 29. Bb1 e4 30. Qe2 Kh7 31. g4 hxg4 32. h5 g5 33. Na2 Nd3 34. Bxd3 exd3 35. Qd2 Qxa2 36. e4 f4 0-1

[Event "Scarborough CC Jack Frost"]
[Site "Toronto CAN"]
[Date "2012.01.05"]
[Round "1"]
[White "Nasirov, Ilyas"]
[Black "Stavropoulos, Greg"]
[Result "1/2-1/2"]
[WhiteElo "2045"]
[BlackElo "1757"]
[PlyCount "54"]
[GameId "2160767909573009"]
[EventDate "2012.01.05"]
[EventType "swiss"]
[EventRounds "6"]
[EventCountry "CAN"]
[SourceTitle "EXT 2022"]
[Source "ChessBase"]
[SourceDate "2021.10.06"]
[SourceVersion "1"]
[SourceVersionDate "2021.10.06"]
[SourceQuality "1"]

1. d4 Nf6 2. c4 c5 3. e3 g6 4. Nc3 Bg7 5. Nf3 O-O 6. Be2 d5 7. dxc5 dxc4 8. Qxd8 Rxd8 9. Bxc4 Nbd7 10. c6 bxc6 11. O-O Nb6 12. Bb3 c5 13. e4 Ba6 14. Re1 Bd3 15. Bg5 c4 16. Bd1 h6 17. Bxf6 Bxf6 18. e5 Bg7 19. Rc1 h5 20. Be2 Bh6 21. Ra1 Rab8 22. b3 Rbc8 23. bxc4 Nxc4 24. Bxd3 Rxd3 25. Ne4 Ra3 26. Re2 Nb6 27. Rd1 Rc1 1/2-1/2

[Event "Scarborough CC Jack Frost"]
[Site "Toronto CAN"]
[Date "2012.01.05"]
[Round "1"]
[White "Pedersen, Rune"]
[Black "Sharpe, Sam"]
[Result "1/2-1/2"]
[WhiteElo "2315"]
[BlackElo "1952"]
[PlyCount "58"]
[GameId "2160767909573010"]
[EventDate "2012.01.05"]
[EventType "swiss"]
[EventRounds "6"]
[EventCountry "CAN"]
[SourceTitle "EXT 2022"]
[Source "ChessBase"]
[SourceDate "2021.10.06"]
[SourceVersion "1"]
[SourceVersionDate "2021.10.06"]
[SourceQuality "1"]

1. e4 e6 2. d4 d5 3. exd5 exd5 4. c4 Nf6 5. Nc3 c6 6. Bd3 Bd6 7. Nge2 O-O 8. O-O Nbd7 9. cxd5 Nxd5 10. Ne4 Be7 11. N2g3 N7f6 12. Re1 Re8 13. a3 h6 14. f3 Qb6 15. Bc2 Be6 16. b4 a5 17. Nc5 axb4 18. Nxe6 fxe6 19. Rxe6 bxa3 20. Nf5 Bf8 21. Rxe8 Nxe8 22. Qe2 Nef6 23. Rb1 Qc7 24. Qe6+ Qf7 25. Qxf7+ Kxf7 26. Rxb7+ Ke8 27. Rb1 Nc3 28. Ra1 Ne2+ 29. Kf2 Nxc1 1/2-1/2

[Event "Scarborough CC Jack Frost"]
[Site "Toronto CAN"]
[Date "2012.01.05"]
[Round "1"]
[White "Shebetah, Wajdy"]
[Black "Zhang, John"]
[Result "1-0"]
[WhiteElo "2073"]
[BlackElo "1767"]
[PlyCount "91"]
[GameId "2160767909573011"]
[EventDate "2012.01.05"]
[EventType "swiss"]
[EventRounds "6"]
[EventCountry "CAN"]

1. e4 e5 2. Nf3 Nc6 3. Bb5 a6 4. Bxc6 dxc6 5. Nc3 Bd6 6. d4 Bg4 7. dxe5 Bxf3 8. Qxf3 Bxe5 9. Bf4 Bxf4 10. Qxf4 Nf6 11. O-O Qe7 12. Rad1 O-O 13. e5 Nd7 14. e6 Nf6 15. exf7+ Qxf7 16. Qb4 b6 17. Rde1 c5 18. Qb3 Qxb3 19. axb3 Rfe8 20. Rxe8+ Rxe8 21. Ra1 b5 22. Kf1 Re6 23. Re1 Kf7 24. h3 Rxe1+ 25. Kxe1 Ke6 26. Ke2 b4 27. Nb1 Ne4 28. Nd2 Nxd2 29. Kxd2 a5 30. Kd3 Kd5 31. f4 g6 32. g4 h6 33. h4 c6 34. h5 gxh5 35. gxh5 c4+ 36. bxc4+ Ke6 37. b3 Kf5 38. Ke3 c5 39. Kf3 Kf6 40. Ke4 Ke6 41. f5+ Kf6 42. Kf4 Kf7 43. Ke5 Ke7 44. f6+ Kf7 45. Kf5 Kf8 46. Kg6 1-0

[Event "Scarborough CC Jack Frost"]
[Site "Toronto CAN"]
[Date "2012.01.05"]
[Round "1"]
[White "Song, Michael"]
[Black "Paterson, Jim"]
[Result "1-0"]
[WhiteElo "2184"]
[BlackElo "1831"]
[PlyCount "75"]
[GameId "2160767909573012"]
[EventDate "2012.01.05"]
[EventType "swiss"]
[EventRounds "6"]
[EventCountry "CAN"]
[SourceTitle "EXT 2022"]
[Source "ChessBase"]
[SourceDate "2021.10.06"]
[SourceVersion "1"]
[SourceVersionDate "2021.10.06"]
[SourceQuality "1"]

1. d4 e6 2. c4 Nf6 3. g3 Bb4+ 4. Bd2 Qe7 5. Bg2 c6 6. c5 Na6 7. Bxb4 Nxb4 8. Nd2 d5 9. cxd6 Qxd6 10. a3 Na6 11. Nc4 Qe7 12. e4 O-O 13. e5 Nd5 14. Ne2 Bd7 15. O-O b6 16. Rc1 f6 17. Qd2 Nac7 18. f4 f5 19. Nc3 Nxc3 20. Rxc3 Nd5 21. Rc2 h6 22. Nd6 g5 23. Rfc1 gxf4 24. Bxd5 exd5 25. Qxf4 Qg5 26. Rf1 Kh7 27. Rcf2 Kg6 28. g4 h5 29. Qxg5+ Kxg5 30. gxf5 c5 31. Rg2+ Kh6 32. e6 Be8 33. f6 Bg6 34. e7 Rg8 35. f7 Bxf7 36. Nxf7+ Kh7 37. Nd6 Rge8 38. Rf5 1-0

[Event "Scarborough CC Jack Frost"]
[Site "Toronto CAN"]
[Date "2012.01.05"]
[Round "1"]
[White "Triefeldt, Jack"]
[Black "Lin, Tony (Juntao)"]
[Result "1-0"]
[WhiteElo "1765"]
[BlackElo "2052"]
[PlyCount "71"]
[GameId "2160767909573013"]
[EventDate "2012.01.05"]
[EventType "swiss"]
[EventRounds "6"]
[EventCountry "CAN"]

1. d4 e6 2. e3 f5 3. Nf3 Nf6 4. Bd3 b6 5. c4 Bb7 6. Nbd2 Be7 7. O-O O-O 8. Qc2 Na6 9. a3 c5 10. b3 Rc8 11. Bb2 d5 12. Rac1 Ne4 13. Qb1 Nb8 14. cxd5 exd5 15. Rfd1 Nd7 16. Ne5 Bd6 17. Nxd7 Qxd7 18. Nf3 Qe7 19. Ne5 cxd4 20. exd4 Bxa3 21. Bxe4 fxe4 22. Qa2 Bxb2 23. Qxb2 Qe6 24. Qa3 a6 25. Qb2 g6 26. Qe2 Rxc1 27. Rxc1 Rc8 28. Rxc8+ Qxc8 29. Qe3 Kg7 30. h3 Qe6 31. Ng4 Qe7 32. Qh6+ Kg8 33. Qf4 a5 34. Qb8+ Kg7 35. Qa7 Qc7 36. Ne3 1-0

[Event "Scarborough CC Jack Frost"]
[Site "Toronto CAN"]
[Date "2012.01.05"]
[Round "1"]
[White "Wu, Kevin"]
[Black "Zotkin, Daniel"]
[Result "1-0"]
[WhiteElo "2010"]
[BlackElo "1714"]
[PlyCount "42"]
[GameId "2160767909573015"]
[EventDate "2012.01.05"]
[EventType "swiss"]
[EventRounds "6"]
[EventCountry "CAN"]
[SourceTitle "EXT 2022"]
[Source "ChessBase"]
[SourceDate "2021.10.06"]
[SourceVersion "1"]
[SourceVersionDate "2021.10.06"]
[SourceQuality "1"]

1. e4 c5 2. Na3 Nc6 3. Bb5 g6 4. c3 Bg7 5. Nf3 e6 6. d4 cxd4 7. cxd4 d5 8. e5 h6 9. O-O Nge7 10. Bf4 O-O 11. Qd2 Kh7 12. Bd3 Qb6 13. Nb5 Nf5 14. g4 Nfe7 15. a4 a5 16. h4 Bd7 17. Bb1 Rh8 18. h5 Kg8 19. Ra3 Rf8 20. Nh2 g5 21. Be3 f5 1-0

[Event "Scarborough CC Jack Frost"]
[Site "Toronto CAN"]
[Date "2012.01.12"]
[Round "2"]
[White "Fan, Yibing"]
[Black "Shebetah, Wajdy"]
[Result "0-1"]
[WhiteElo "1755"]
[BlackElo "2073"]
[PlyCount "193"]
[GameId "2160767909573016"]
[EventDate "2012.01.05"]
[EventType "swiss"]
[EventRounds "6"]
[EventCountry "CAN"]

1. d4 e6 2. c4 f5 3. Nc3 Nf6 4. g3 d5 5. c5 b6 6. b4 a5 7. Ba3 axb4 8. Bxb4 Na6 9. Ba3 bxc5 10. e3 Nb4 11. Bb2 c4 12. Nf3 Bd6 13. Be2 O-O 14. a3 Nc6 15. h4 Ne4 16. Qc1 Na5 17. Qc2 Nb3 18. Ra2 Nxc3 19. Qxc3 Qe7 20. O-O Bd7 21. Kg2 Bb4 22. Qc2 Bxa3 23. Ne5 Bb4 24. Rxa8 Rxa8 25. Bc3 Bxc3 26. Qxc3 Ra2 27. Bh5 g6 28. Bf3 Nd2 29. Ra1 Rxa1 30. Qxa1 Nxf3 31. Kxf3 Be8 32. Qa5 h6 33. Qc5 Qxc5 34. dxc5 Kg7 35. Ke2 Kf6 36. f4 Ke7 37. Kd2 Kd8 38. Kc3 Kc8 39. Nf3 Kb7 40. Ne5 Kc8 41. Nf3 Kb7 42. Kb4 Kc8 43. Ne5 Kd8 44. Kc3 Ke7 45. Kd4 Kf6 46. Nf3 Ba4 47. Ne5 g5 48. hxg5+ hxg5 49. Nf3 gxf4 50. gxf4 Bd1 51. Ne5 Be2 52. Kc3 Kg7 53. Nc6 Kf6 54. Ne5 Kg7 55. Nc6 Kf6 56. Ne5 Bh5 57. Nd7+ Kg7 58. Ne5 Be8 59. Nf3 Kh6 60. Ne5 Kh5 61. Nf3 Bf7 62. Ne5 Be8 63. Kd4 Kh4 64. Nf3+ Kg3 65. Nd2 Kf2 66. Nb1 Ba4 67. Nc3 Be8 68. Nd1+ Ke2 69. Nc3+ Kd2 70. Nb1+ Kc2 71. Nc3 Bh5 72. Na4 Kb3 73. Nc3 Be8 74. Ne2 Kb2 75. Nc3 Bd7 76. Ne2 Ba4 77. Nc3 Bc2 78. Ne2 Ka3 79. Nc3 Kb3 80. Ne2 Be4 81. Nc3 Bf3 82. Nb1 Be2 83. Nc3 Bd3 84. Nd1 Kc2 85. Nc3 Kd2 86. Na4 Bc2 87. Nc3 c6 88. Na2 Bd1 89. Nc3 Bc2 90. Na2 Bb3 91. Nc3 Kc1 92. Ne2+ Kb2 93. Nc3 Bc2 94. Ne2 Bd3 95. Nc3 Kc2 96. Na4 Kc1 97. Nc3 0-1

[Event "Scarborough CC Jack Frost"]
[Site "Toronto CAN"]
[Date "2012.01.12"]
[Round "2"]
[White "Huston, Scott"]
[Black "Song, Michael"]
[Result "1/2-1/2"]
[WhiteElo "1784"]
[BlackElo "2184"]
[PlyCount "183"]
[GameId "2160767909573018"]
[EventDate "2012.01.05"]
[EventType "swiss"]
[EventRounds "6"]
[EventCountry "CAN"]
[SourceTitle "EXT 2022"]
[Source "ChessBase"]
[SourceDate "2021.10.06"]
[SourceVersion "1"]
[SourceVersionDate "2021.10.06"]
[SourceQuality "1"]

1. d4 Nf6 2. c4 d6 3. Nc3 c6 4. e4 g6 5. Nf3 Bg4 6. Be2 Bg7 7. h3 Bxf3 8. Bxf3 O-O 9. Bg5 Nbd7 10. Qd2 c5 11. d5 a6 12. Bh6 Qa5 13. Bxg7 Kxg7 14. O-O b5 15. Qe3 bxc4 16. Be2 Rab8 17. Bxc4 Rxb2 18. Bb3 c4 19. Qc1 Qa3 20. Nb1 Qb4 21. Qxb2 Rb8 22. Qd2 cxb3 23. Qxb4 Rxb4 24. axb3 Rxe4 25. Rxa6 Nc5 26. Ra7 Nxd5 27. Nd2 Re2 28. Nf3 Nxb3 29. Rd1 Nf4 30. Re1 Rxe1+ 31. Nxe1 Kf6 32. Ra3 Nd4 33. Nd3 Nxd3 34. Rxd3 e5 35. f4 Ke6 36. fxe5 dxe5 37. Kf2 h5 38. Ke3 h4 39. Rc3 Kf5 40. Rc7 f6 41. Rb7 g5 42. Rg7 Ne6 43. Ra7 Nf4 44. Kf2 Nh5 45. Ra4 Ng3 46. Rb4 Ne4+ 47. Ke3 Nc3 48. Rc4 Nb5 49. Rc6 Nd4 50. Rc4 Ke6 51. Ra4 Nf5+ 52. Ke4 Nd6+ 53. Ke3 f5 54. Ra6 f4+ 55. Ke2 Kd5 56. Ra8 Nf5 57. Rg8 Nd4+ 58. Kd3 e4+ 59. Kd2 Ne6 60. Ra8 Ke5 61. Ra5+ Kd4 62. Ra4+ Kd5 63. Ra5+ Nc5 64. Ra8 Nb3+ 65. Kd1 Nd4 66. Ra5+ Kc4 67. Rxg5 Kd3 68. Ra5 Ke3 69. Ke1 Nc2+ 70. Kf1 Kd3 71. Ra8 Nd4 72. Ra3+ Kd2 73. Ra2+ Nc2 74. Ra8 Ne3+ 75. Kf2 Nd1+ 76. Kf1 Nb2 77. Rd8+ Nd3 78. Re8 e3 79. Re7 Kd1 80. Re8 Kd2 81. Re7 Nc1 82. Rd7+ Nd3 83. Re7 Nc5 84. Re8 Nb3 85. Rd8+ Kc3 86. Rc8+ Kd3 87. Rd8+ Nd4 88. Re8 Nb3 89. Rd8+ Kc2 90. Ke2 Nc1+ 91. Kf3 Nd3 92. Ke2 1/2-1/2

[Event "Scarborough CC Jack Frost"]
[Site "Toronto CAN"]
[Date "2012.01.12"]
[Round "2"]
[White "Lin, Tony (Juntao)"]
[Black "Zhang, John"]
[Result "1-0"]
[WhiteElo "2052"]
[BlackElo "1767"]
[PlyCount "77"]
[GameId "2160767909573019"]
[EventDate "2012.01.05"]
[EventType "swiss"]
[EventRounds "6"]
[EventCountry "CAN"]

1. d4 Nf6 2. Nf3 g6 3. Nc3 Bg7 4. e4 d6 5. Be3 O-O 6. Qd2 Nbd7 7. Bh6 e5 8. O-O-O Qe7 9. d5 Nc5 10. Re1 a5 11. h4 Bg4 12. Ng1 Nh5 13. f3 Bd7 14. g4 Bxh6 15. Qxh6 Nf4 16. Nh3 Qf6 17. Nxf4 Qxf4+ 18. Qxf4 exf4 19. Rg1 c6 20. Rd1 h6 21. dxc6 Bxc6 22. Rxd6 Rad8 23. Rxd8 Rxd8 24. Bc4 Ne6 25. Nd5 Bxd5 26. Bxd5 b5 27. Rd1 Kf8 28. Bxe6 Rxd1+ 29. Kxd1 fxe6 30. Kd2 e5 31. Kc3 Ke7 32. a4 Kd6 33. axb5 Kc5 34. b6 Kxb6 35. Kc4 Kc6 36. b3 g5 37. h5 Kb6 38. Kd5 Kb5 39. c3 1-0

[Event "Scarborough CC Jack Frost"]
[Site "Toronto CAN"]
[Date "2012.01.12"]
[Round "2"]
[White "Manalo, Pepin"]
[Black "Morra, Lui"]
[Result "1-0"]
[WhiteElo "1879"]
[BlackElo "1709"]
[PlyCount "85"]
[GameId "2160767909573020"]
[EventDate "2012.01.05"]
[EventType "swiss"]
[EventRounds "6"]
[EventCountry "CAN"]
[SourceTitle "EXT 2022"]
[Source "ChessBase"]
[SourceDate "2021.10.06"]
[SourceVersion "1"]
[SourceVersionDate "2021.10.06"]
[SourceQuality "1"]

1. e4 c5 2. f4 e6 3. Nf3 Nc6 4. c3 d5 5. e5 d4 6. d3 Nge7 7. Nbd2 Ng6 8. Ne4 Be7 9. g3 O-O 10. h4 Qc7 11. h5 Nh8 12. Bh3 h6 13. Qe2 f6 14. exf6 Bxf6 15. c4 Be7 16. Bd2 e5 17. O-O-O exf4 18. Bxf4 Qa5 19. Kb1 a6 20. Bd2 Qa4 21. b3 Qa3 22. g4 b5 23. Ne1 Nb4 24. Bc1 Qa5 25. a3 Nc6 26. Nc2 bxc4 27. dxc4 Qb6 28. Rd3 Ne5 29. g5 Nxd3 30. Qxd3 Rb8 31. Ka2 Bb7 32. Re1 hxg5 33. Qg3 Rfd8 34. Nxg5 Bxg5 35. Bxg5 Re8 36. h6 Nf7 37. Bf4 Nxh6 38. Bxb8 Be4 39. Bf4 d3 40. Rg1 Qf6 41. Ne3 Qc3 42. Nd1 Qd4 43. Bxh6 1-0

[Event "Scarborough CC Jack Frost"]
[Site "Toronto CAN"]
[Date "2012.01.12"]
[Round "2"]
[White "Song, Lin"]
[Black "Nasirov, Ilyas"]
[Result "1/2-1/2"]
[WhiteElo "1868"]
[BlackElo "2045"]
[PlyCount "72"]
[GameId "2160767909573021"]
[EventDate "2012.01.05"]
[EventType "swiss"]
[EventRounds "6"]
[EventCountry "CAN"]
[SourceTitle "EXT 2022"]
[Source "ChessBase"]
[SourceDate "2021.10.06"]
[SourceVersion "1"]
[SourceVersionDate "2021.10.06"]
[SourceQuality "1"]

1. e4 e6 2. f4 d5 3. e5 c5 4. c3 Nc6 5. Nf3 Qb6 6. d4 Nge7 7. Bd3 Bd7 8. Bc2 cxd4 9. cxd4 Nb4 10. Nc3 Nxc2+ 11. Qxc2 Nf5 12. Qd3 Be7 13. Rb1 Rc8 14. Bd2 Rc4 15. b3 Rc8 16. a4 Bb4 17. O-O O-O 18. Kh1 f6 19. Ne2 Be8 20. Bxb4 Qxb4 21. g4 Ne7 22. Nh4 Ng6 23. Nxg6 Bxg6 24. f5 Be8 25. fxe6 Bg6 26. Qe3 Bxb1 27. Rxb1 fxe5 28. Qxe5 Qe7 29. Nf4 Qf6 30. e7 Qxf4 31. exf8=Q+ Rxf8 32. Qxd5+ Kh8 33. Qxb7 Qxd4 34. Rg1 h6 35. a5 a6 36. b4 Qc4 1/2-1/2

[Event "Scarborough CC Jack Frost"]
[Site "Toronto CAN"]
[Date "2012.01.12"]
[Round "2"]
[White "Stavropoulos, Greg"]
[Black "Picana, Andrew"]
[Result "0-1"]
[WhiteElo "1757"]
[BlackElo "2092"]
[PlyCount "88"]
[GameId "2160767909573022"]
[EventDate "2012.01.05"]
[EventType "swiss"]
[EventRounds "6"]
[EventCountry "CAN"]
[SourceTitle "EXT 2022"]
[Source "ChessBase"]
[SourceDate "2021.10.06"]
[SourceVersion "1"]
[SourceVersionDate "2021.10.06"]
[SourceQuality "1"]

1. c4 Nf6 2. Nc3 g6 3. Nf3 Bg7 4. g3 d6 5. Bg2 O-O 6. O-O c5 7. d4 Nbd7 8. d5 Nb6 9. Qd3 e5 10. e4 Bd7 11. a4 Qe8 12. Nb5 Bxb5 13. axb5 Nh5 14. b3 f5 15. Ng5 Bf6 16. Ne6 Rf7 17. Ra4 f4 18. Bd2 g5 19. Bh3 Ng7 20. Rfa1 Nc8 21. Nxg7 Rxg7 22. Be6+ Kh8 23. Bxc8 Qxc8 24. Rxa7 Rxa7 25. Rxa7 h5 26. Qe2 Qh3 27. Ra8+ Kh7 28. Qf1 Qg4 29. f3 Qd7 30. Ra3 Bd8 31. b4 Bb6 32. Kh1 Qe8 33. Ra2 Rc7 34. Rc2 h4 35. g4 Qa8 36. Qb1 Qa3 37. Rc3 Qxb4 38. Qxb4 cxb4 39. Rc1 Ba5 40. Kg2 b6 41. Kf2 b3 42. Bxa5 bxa5 43. Ke2 Rxc4 44. Rxc4 b2 0-1

[Event "Scarborough CC Jack Frost"]
[Site "Toronto CAN"]
[Date "2012.01.12"]
[Round "2"]
[White "Ugodnikov, Arkadiy"]
[Black "Krupka, David"]
[Result "1/2-1/2"]
[WhiteElo "1820"]
[BlackElo "2028"]
[PlyCount "78"]
[GameId "2160767909573023"]
[EventDate "2012.01.05"]
[EventType "swiss"]
[EventRounds "6"]
[EventCountry "CAN"]
[SourceTitle "EXT 2022"]
[Source "ChessBase"]
[SourceDate "2021.10.06"]
[SourceVersion "1"]
[SourceVersionDate "2021.10.06"]
[SourceQuality "1"]

1. e4 e5 2. Nf3 Nc6 3. Bb5 a6 4. Ba4 Nf6 5. O-O b5 6. Bb3 Nxe4 7. d4 d5 8. dxe5 Be6 9. c3 Bc5 10. Bf4 O-O 11. Nbd2 Nxd2 12. Qxd2 Ne7 13. Rad1 c6 14. Bc2 Bg4 15. Bd3 Bf5 16. Qe2 Qd7 17. Bxf5 Qxf5 18. Bg3 Qg4 19. Nd4 Qxe2 20. Nxe2 Bb6 21. Rfe1 Rfe8 22. Nd4 c5 23. Nf3 Rad8 24. Re2 h6 25. Red2 Rd7 26. Re2 Ng6 27. Nh4 Nxh4 28. Bxh4 g5 29. Bg3 Kf8 30. f4 gxf4 31. Bxf4 Re6 32. Kf1 d4 33. cxd4 Rxd4 34. Rxd4 cxd4 35. Rd2 Kg7 36. Bg3 Kg6 37. Bf2 Rxe5 38. Bxd4 Bxd4 39. Rxd4 Re6 1/2-1/2

[Event "Scarborough CC Jack Frost"]
[Site "Toronto CAN"]
[Date "2012.01.19"]
[Round "3"]
[White "Lin, Tony (Juntao)"]
[Black "Ugodnikov, Arkadiy"]
[Result "1-0"]
[WhiteElo "2052"]
[BlackElo "1820"]
[PlyCount "43"]
[GameId "2160767909573024"]
[EventDate "2012.01.05"]
[EventType "swiss"]
[EventRounds "6"]
[EventCountry "CAN"]

1. d4 Nf6 2. Nf3 g6 3. Nc3 d5 4. Bf4 Bg7 5. e3 O-O 6. Be2 b6 7. Ne5 Bb7 8. h4 Nbd7 9. h5 Nxe5 10. Bxe5 c5 11. hxg6 fxg6 12. g4 cxd4 13. exd4 e6 14. Qd3 Rf7 15. Qh3 Bf8 16. g5 Ne4 17. Nxe4 dxe4 18. Qxe6 Bd5 19. Rxh7 Kxh7 20. Qh3+ Bh6 21. Qxh6+ Kg8 22. Qh8# 1-0

[Event "Scarborough CC Jack Frost"]
[Site "Toronto CAN"]
[Date "2012.01.19"]
[Round "3"]
[White "Nasirov, Ilyas"]
[Black "Fan, Yibing"]
[Result "1-0"]
[WhiteElo "2045"]
[BlackElo "1755"]
[PlyCount "65"]
[GameId "2160767909573025"]
[EventDate "2012.01.05"]
[EventType "swiss"]
[EventRounds "6"]
[EventCountry "CAN"]
[SourceTitle "EXT 2022"]
[Source "ChessBase"]
[SourceDate "2021.10.06"]
[SourceVersion "1"]
[SourceVersionDate "2021.10.06"]
[SourceQuality "1"]

1. d4 Nf6 2. c4 e6 3. Nc3 Bb4 4. e3 O-O 5. Bd3 d5 6. Nf3 c5 7. O-O Nc6 8. a3 cxd4 9. axb4 dxc3 10. bxc3 dxc4 11. Bxc4 Qc7 12. Qb3 Ne5 13. Nxe5 Qxe5 14. Be2 Ne4 15. Ra3 Bd7 16. c4 Qg5 17. f3 Nf6 18. Rd1 e5 19. e4 Qg6 20. Be3 a6 21. Ra5 Rfe8 22. Qc3 Bh3 23. Bf1 Rad8 24. Rxd8 Rxd8 25. Qxe5 h6 26. Ra1 Rd3 27. Re1 Nh5 28. Kh1 Rb3 29. gxh3 f6 30. Qe6+ Kh7 31. c5 Ng3+ 32. hxg3 Qxg3 33. Qxb3 1-0

[Event "Scarborough CC Jack Frost"]
[Site "Toronto CAN"]
[Date "2012.01.19"]
[Round "3"]
[White "Song, Michael"]
[Black "Posaratnanathan, Juliaan"]
[Result "1-0"]
[WhiteElo "2184"]
[BlackElo "1921"]
[PlyCount "121"]
[GameId "2160767909573026"]
[EventDate "2012.01.05"]
[EventType "swiss"]
[EventRounds "6"]
[EventCountry "CAN"]
[SourceTitle "EXT 2022"]
[Source "ChessBase"]
[SourceDate "2021.10.06"]
[SourceVersion "1"]
[SourceVersionDate "2021.10.06"]
[SourceQuality "1"]

1. d4 Nf6 2. c4 e6 3. g3 Bb4+ 4. Bd2 Qe7 5. Nf3 Nc6 6. Bg2 Bxd2+ 7. Qxd2 Ne4 8. Qc2 Qb4+ 9. Kf1 d5 10. b3 Qb6 11. e3 Nb4 12. Qd1 O-O 13. Nbd2 Nd3 14. Nxe4 dxe4 15. Ne5 Nxe5 16. dxe5 f5 17. exf6 Rxf6 18. Bxe4 Bd7 19. Kg2 Bc6 20. Qd3 Qc5 21. Bxc6 Qxc6+ 22. e4 Raf8 23. Rhf1 Qc5 24. f3 Qh5 25. Rf2 Rh6 26. Kg1 Rhf6 27. Raf1 Qc5 28. Kg2 Rg6 29. f4 h5 30. e5 Qc6+ 31. Kg1 Qe8 32. Qf3 h4 33. g4 c6 34. g5 Rxg5+ 35. Rg2 Rxg2+ 36. Qxg2 Qh5 37. h3 Rd8 38. Qg4 Qxg4+ 39. hxg4 Rd3 40. f5 Re3 41. fxe6 Rxe5 42. Rf7 b5 43. cxb5 cxb5 44. Rxa7 Rxe6 45. Ra5 b4 46. Kg2 Re3 47. g5 Kf7 48. Ra4 Kg6 49. Rxb4 Re2+ 50. Kh3 Rxa2 51. Kxh4 Rh2+ 52. Kg3 Rh1 53. Rg4 Rg1+ 54. Kf4 Rf1+ 55. Ke3 Rb1 56. b4 Re1+ 57. Kd2 Rb1 58. Kc2 Re1 59. Rc4 Re3 60. b5 Re6 61. Rc6 1-0

[Event "Scarborough CC Jack Frost"]
[Site "Toronto CAN"]
[Date "2012.01.19"]
[Round "3"]
[White "Southam, David"]
[Black "Huston, Scott"]
[Result "1-0"]
[WhiteElo "2205"]
[BlackElo "1784"]
[PlyCount "83"]
[GameId "2160767909573027"]
[EventDate "2012.01.05"]
[EventType "swiss"]
[EventRounds "6"]
[EventCountry "CAN"]
[SourceTitle "EXT 2022"]
[Source "ChessBase"]
[SourceDate "2021.10.06"]
[SourceVersion "1"]
[SourceVersionDate "2021.10.06"]
[SourceQuality "1"]

1. d4 Nf6 2. c4 e6 3. Nc3 Bb4 4. e3 O-O 5. Nge2 b6 6. a3 Be7 7. d5 Ba6 8. Ng3 exd5 9. cxd5 Bxf1 10. Nxf1 Na6 11. Ng3 Nc5 12. e4 Bd6 13. f3 c6 14. Nf5 Be5 15. dxc6 Bxc3+ 16. bxc3 dxc6 17. Qxd8 Rfxd8 18. Ne7+ Kf8 19. Nxc6 Rd6 20. Nd4 Nd3+ 21. Ke2 Nxc1+ 22. Rhxc1 Re8 23. Kd2 Nd7 24. a4 Nc5 25. Ke3 Rg6 26. g4 Rh6 27. Ra2 Rc8 28. a5 Nd7 29. axb6 axb6 30. Kf4 Rf6+ 31. Kg3 Rd6 32. Rcc2 f6 33. h4 g6 34. Rcb2 Ne5 35. Rb3 h5 36. gxh5 gxh5 37. Ra7 Rd7 38. Ra6 Nc4 39. Rb5 Nd6 40. Rbxb6 Ke7 41. Rxd6 Rxd6 42. Nf5+ 1-0

[Event "Scarborough CC Jack Frost"]
[Site "Toronto CAN"]
[Date "2012.01.19"]
[Round "3"]
[White "Zhang, John"]
[Black "Paterson, Jim"]
[Result "1/2-1/2"]
[WhiteElo "1767"]
[BlackElo "1831"]
[PlyCount "109"]
[GameId "2160767909573028"]
[EventDate "2012.01.05"]
[EventType "swiss"]
[EventRounds "6"]
[EventCountry "CAN"]
[SourceTitle "EXT 2022"]
[Source "ChessBase"]
[SourceDate "2021.10.06"]
[SourceVersion "1"]
[SourceVersionDate "2021.10.06"]
[SourceQuality "1"]

1. e4 e5 2. Nf3 Nf6 3. Nc3 d6 4. d4 exd4 5. Nxd4 Be7 6. Bd3 Nc6 7. Nxc6 bxc6 8. b3 Bg4 9. Qd2 Nd7 10. f4 Bh4+ 11. g3 Bf6 12. Bb2 Bh3 13. O-O-O a5 14. Rde1 Nb6 15. a4 O-O 16. Qe2 Qd7 17. e5 dxe5 18. fxe5 Bg5+ 19. Kb1 Qg4 20. Qxg4 Bxg4 21. Ne4 Be7 22. h3 Be6 23. h4 h6 24. Reg1 Bg4 25. Nf2 Bf3 26. Rh3 Bc5 27. Rh2 Rab8 28. Ka2 Bd5 29. c4 Bf3 30. g4 Rfd8 31. Rg3 Bxf2 32. Rxf2 Rxd3 33. Rgxf3 Rxf3 34. Rxf3 Re8 35. Re3 Nd7 36. Bc3 f6 37. e6 Nf8 38. e7 Ng6 39. Bxa5 Ne5 40. Bxc7 Rxe7 41. Bxe5 fxe5 42. a5 Kf7 43. b4 Ke6 44. b5 cxb5 45. cxb5 Kd5 46. Rc3 e4 47. Kb2 e3 48. Rc1 e2 49. Re1 Kc5 50. Kc2 Kxb5 51. Kd2 Kxa5 52. Rxe2 Rf7 53. Ke3 Kb5 54. Rd2 Kc5 55. Ke4 1/2-1/2

[Event "Scarborough CC Jack Frost"]
[Site "Toronto CAN"]
[Date "2012.01.19"]
[Round "3"]
[White "Zotkin, Daniel"]
[Black "Stavropoulos, Greg"]
[Result "0-1"]
[WhiteElo "1714"]
[BlackElo "1757"]
[PlyCount "54"]
[GameId "2160767909573029"]
[EventDate "2012.01.05"]
[EventType "swiss"]
[EventRounds "6"]
[EventCountry "CAN"]
[SourceTitle "EXT 2022"]
[Source "ChessBase"]
[SourceDate "2021.10.06"]
[SourceVersion "1"]
[SourceVersionDate "2021.10.06"]
[SourceQuality "1"]

1. b3 Nf6 2. Bb2 d6 3. e3 e5 4. Nf3 Be7 5. d4 exd4 6. Nxd4 O-O 7. Bd3 Nc6 8. Nxc6 bxc6 9. O-O Bg4 10. f3 Bh5 11. e4 Nd7 12. Qe1 Bf6 13. Bxf6 Qxf6 14. Nd2 Rfe8 15. Nc4 Bg6 16. Qd2 c5 17. Ne3 c6 18. Ba6 Rad8 19. Rad1 Nb6 20. Bb7 d5 21. Ng4 Qd6 22. Ba6 h5 23. Ne3 Qe7 24. Nf5 Bxf5 25. exf5 c4 26. bxc4 Nxc4 27. Bxc4 Qe4 0-1